Normal view
MARC view
Entry Personal Name
001 - CONTROL NUMBER
- control field: 14192
003 - CONTROL NUMBER IDENTIFIER
- control field: ARRUPE
005 - DATE AND TIME OF LATEST TRANSACTION
- control field: 20150119133816.0
008 - FIXED-LENGTH DATA ELEMENTS
- fixed length control field: 150119|| aca||aabn | a|a d
040 ## - CATALOGING SOURCE
- Original cataloging agency: ARRUPE
- Transcribing agency: ARRUPE
100 ## - HEADING--PERSONAL NAME
- Personal name: Bohr, Niels
670 ## - SOURCE DATA FOUND
- Source citation: Work cat.: (ARRUPE): Bohr, Niels, Atomic theory and the description of nature :, 1961.